=LDR 00000nam 2200000 4500 =001 INLIS000000000029914 =005 20130612132117 =008 ***********************************Ind** =035 ##$$0010-061300000029914 =041 ##$$a Ind =082 ##$$a 372.6 =090 ##$$a 372.6, ALI l =100 ##$$a Alim, Djeniah =245 ##$$a Lancar berbahasa Indonesia 3 untuk Sekolah Dasar Kelas 5, Djeniah Alim =260 ##$$a 1996 $b Jakarta =300 ##$$a xi,205 hlm., ilus., 21 cm =650 ##$$a Pendidikan Dasar =650 ##$$a Pelajaran bahasa Indonesia =850 ##$$a NBPNMAT